000 00464nam a22001697a 4500
005 20221219142658.0
008 221219b |||||||| |||| 00| 0 eng d
020 _a978-9383992-65-2
041 _aeng
082 _a613.52-KUM-H
100 _aYADAV , Dr. RAJENDRA KUMAR AND SINGH , D.R
_97391
245 _aHAND BOOK OF PLANT BIOTECHNOLOGY
250 _a1st ed.
260 _aNEW DELHI
_bBHAVYA BOOKS PUBLICATION
_c2022
300 _a744;P.
942 _cBK
999 _c8112
_d8110